[Event "XXVI Ciudad de Linares"]
[Site "Linares"]
[Date "2009.02.22"]
[Round "4"]
[White "Aronian, Levon"]
[Black "Dominguez Perez, Leinier"]
[Result "1-0"]
[WhiteElo "2750"]
[BlackElo "2717"]
[PlyCount "183"]
[EventDate "2009.??.??"]
[EventCountry "ESP"]
[Source "Chess Tigers"]
[SourceDate "2009.01.01"]

1. d4 d5 2. Nf3 Nf6 3. c4 dxc4 4. e3 e6 5. Bxc4 a6 6. O-O c5 7. dxc5 Bxc5 8.
Qxd8+ Kxd8 9. Nbd2 Ke7 10. b3 (10. Be2 Nc6 (10... Bd7 11. a3 (11. Nb3 Bb6 (
11... Ba7 12. Bd2 Nc6 13. Na5 Rhc8 14. Nxc6+ Bxc6 15. Ne5 Bb5 16. Bxb5 axb5 17.
Rfc1 Ne4 18. Be1 Bc5 19. Nd3 Bd6 20. Rd1 Rc2 21. a3 g5 22. Rac1 Rac8 23. f3
Rxc1 24. Nxc1 Bc5 25. Rd3 Nf6 26. Nb3 Bb6 27. Bb4+ Ke8 28. Bc3 Nd5 29. Kf2 Ke7
30. Ke2 Nxc3+ 31. Rxc3 Rxc3 32. bxc3 Bc7 33. h3 Bd6 34. Nd4 Bxa3 35. Nxb5 Bc5
36. Kd3 Kd7 37. g4 Kc6 38. c4 f5 39. e4 fxg4 40. fxg4 Bf2 41. e5 Bg3 42. Nd4+
Kd7 43. Ke4 Bf2 44. Nb5 Bc5 45. Kd3 Kc6 46. Nc3 h6 47. Ne4 b5 48. cxb5+ Kxb5
49. Nf6 Kc6 50. Ke4 {1/2-1/2 Shirov,A (2706)-Motylev,A (2641)/Moscow 2001/CBM
086}) 12. Bd2 Nc6 13. Bc3 Rhd8 14. Nfd2 Be8 15. Nc4 Bc7 16. Rac1 g6 17. Nba5
Rab8 18. Nxc6+ Bxc6 19. Ne5 Nd5 20. Nxc6+ bxc6 21. Bd4 e5 22. Bc5+ Bd6 23. b3
f6 24. Bxa6 Bxc5 25. Rxc5 Nb4 26. Be2 Rd2 27. a3 Rxe2 28. axb4 Rxb4 29. Rxc6
Rxb3 30. Rc7+ Ke6 31. Rxh7 Rbb2 32. h4 Kf5 33. Rh6 Ra2 34. g4+ Kxg4 35. Rxg6+
Kf5 36. Rg3 Ra4 37. Rh3 Rg4+ 38. Kh1 Kg6 39. Rg1 f5 40. Rf3 Rxg1+ 41. Kxg1 f4
42. exf4 exf4 43. Rxf4 Ra2 44. Kg2 Ra3 45. Rf3 Ra4 46. Kg3 Rb4 47. Ra3 Rc4 48.
Ra6+ Kh5 49. Ra5+ Kg6 50. Rg5+ Kh6 51. Rc5 Rxc5 {0-1 Gelfand,B (2712)-Shirov,A
(2718)/Monte Carlo 2001/CBM 081 ext}) (11. b3 Bb5 12. Nc4 Nc6 13. Bb2 Rhd8 14.
Rfc1 Kf8 15. Kf1 Rac8 16. a4 Bxc4 17. Rxc4 Bd6 18. Rac1 Nd5 19. Nd4 Nce7 20.
Bf3 Rb8 21. g3 g6 22. Rd1 Nb6 23. Rcc1 Ned5 24. a5 Nc8 25. e4 Nb4 26. Ba3 Na2
27. Rc2 e5 28. Ne2 {1-0 Sasikiran,K (2700)-Vorobiov,E (2563)/Calatrava 2007/
CBM 117 ext}) 11... Ba7 12. b3 Rd8 13. Bb2 Bc6 14. Bd4 Bxd4 15. Nxd4 {1/2-1/2
Ivanchuk,V (2729)-Dominguez,L (2678)/Havana 2007/CBM 118 ext}) 11. b3 b6 12.
Ne1 Ne5 13. Bb2 Rd8 14. Rd1 Bd6 15. f4 (15. Nef3 Nc6 16. Nc4 Bc5 17. Rxd8 Nxd8
18. Nfe5 Bb7 19. Nd3 Nc6 20. Rc1 Nd7 21. Nxc5 bxc5 22. Rd1 Rb8 23. Bxg7 Rg8 24.
Bb2 Nb4 25. f3 Nxa2 26. e4 Nb4 27. Kf2 Bc6 28. Ne5 Rb8 29. Bc3 f6 30. Nxd7 Bxd7
31. Bxf6+ Kxf6 32. Rxd7 Nc6 33. Rxh7 Rxb3 34. Bxa6 Nd4 35. Rc7 Rc3 36. h4 e5
37. Kg3 Rc2 38. Rc8 Ne6 39. Rc6 Ke7 40. h5 Nf4 41. Kg4 Rxg2+ 42. Kf5 Nxh5 43.
Rh6 Nf4 44. Kxe5 Ng6+ 45. Kf5 Kf7 46. Rh7+ Kg8 47. Rh1 Kg7 48. f4 Ne7+ 49. Ke6
Nc6 50. f5 Nd4+ 51. Ke5 Nf3+ 52. Kf4 Nd4 53. Bc4 Rc2 54. Bd5 Rf2+ 55. Ke5 Nf3+
56. Kd6 Nd4 57. Rh5 Kf6 58. e5+ Kg7 59. f6+ Kg6 60. Rh1 Nf5+ 61. Ke6 Nd4+ 62.
Ke7 Nf5+ 63. Kd7 Rd2 64. Rg1+ Kh7 65. f7 Rxd5+ 66. Ke6 Rd8 67. Kxf5 c4 68. Ke4
{1-0 Topalov,V (2690)-Ponomariov,R (2616)/Las Vegas 1999/CBM 072}) 15... Neg4
16. Nc4 Bc5 17. Bxf6+ Nxf6 18. Rxd8 Kxd8 19. Nd3 Bd7 20. Nxc5 bxc5 21. Rc1 Bb5
22. Bf3 Rc8 23. Nd6 Rc7 24. Nb7+ Ke7 25. Rxc5 Rd7 26. a4 Bd3 27. Re5 Ng4 28.
Rg5 Nxe3 29. Nc5 Rd4 30. Nxd3 Rxd3 31. Rxg7 Nf5 32. Rxh7 Rxb3 33. Bh5 {1/2-1/2
Kramnik,V (2775)-Lautier,J (2630)/Monte Carlo 1996/CBM 052 ext}) 10... Nbd7 (
10... b6 11. Be2 Bb7 12. Ne5 Rd8 13. Nd3 Bd6 14. Nc4 Bc7 15. Ba3+ Ke8 16. Rfd1
b5 17. Nce5 Nbd7 18. Nxd7 Nxd7 19. Bb2 f6 20. Rac1 Rac8 21. Bh5+ g6 22. Bg4 Ke7
23. h4 Bd6 24. h5 g5 25. Be2 f5 26. g4 Be4 27. f3 Bb7 28. Rxc8 Rxc8 29. Rc1
Rxc1+ 30. Bxc1 fxg4 31. fxg4 e5 32. Bd2 e4 33. Nb4 Ne5 34. a4 a5 35. Nc2 b4 36.
Kg2 Bc8 37. Nd4 Kf6 38. Kh3 Bc5 39. Kg3 Bd6 40. Kh3 Nd3 41. Kg2 Bc5 42. Kg3 Bd7
43. Bd1 h6 44. Be2 Ke5 45. Nb5 Bb6 46. Bd1 Kd5 47. Be2 Bxb5 48. axb5 Bc7+ 49.
Kg2 Kc5 50. Bxd3 exd3 51. Kf3 a4 52. bxa4 Kc4 53. Bc1 Kc3 {0-1 Flores,D (2566)
-Socko,B (2646)/Warsaw 2007/CBM 121 Extra}) 11. Be2 (11. Bb2 b6 12. Be2 (12.
Rfd1 Bb7 13. a3 Rhd8 14. Be2 Rac8 15. b4 Bd6 16. Rdc1 Rxc1+ 17. Rxc1 Rc8 18.
Rxc8 Bxc8 19. Kf1 Bb7 {1/2-1/2 Wojtkiewicz,A (2570)-Ehlvest,J (2620)/Rakvere
1993/CBM 038}) 12... Bb7 13. Rfd1 (13. Ne1 b5 14. Nd3 Bd6 15. Bf3 Bxf3 16. Nxf3
Rhc8 17. Rfc1 g6 18. Nd4 e5 19. Nc6+ Ke6 20. f4 Ng4 21. fxe5 Ndxe5 22. Nc5+ Kf5
23. Nxe5 Bxe5 24. Bxe5 Kxe5 25. Nd3+ Kd6 26. e4 Ne3 27. a4 bxa4 28. Rxc8 Rxc8
29. Rxa4 Rc6 30. Nb4 Rc3 31. Rxa6+ Ke5 32. Nd5 Rc1+ 33. Kf2 Ng4+ 34. Kg3 f5 35.
exf5 gxf5 36. Ra5 Ke4 37. h3 Ne3 38. Nf6+ Kd3 39. Nd5 Nxd5 40. Rxd5+ Ke4 41.
Rb5 Rc3+ 42. Kh4 f4 43. b4 Rb3 44. Rb7 Rg3 45. Re7+ Kf5 46. Rf7+ Ke5 47. Re7+
Kf5 48. Rf7+ Ke5 49. Re7+ {1/2-1/2 Ivanov,M (2462)-Guliyev,N (2555)/Charleroi
2005/EXT 2006}) 13... Rhd8 14. Ne1 Kf8 15. Rac1 (15. Nc4 {1/2-1/2 Nielsen,P 
(2593)-Hansen,C (2626)/Esbjerg 2001/CBM 085}) 15... Rac8 16. Nd3 Be7 17. Nc4 b5
18. Na5 Ba8 19. a3 Nc5 20. Nxc5 Rxd1+ 21. Bxd1 Rxc5 22. b4 Rxc1 23. Bxc1 Ne4
24. Bb2 Bd8 25. f3 Nd6 26. Bd4 Bxa5 27. bxa5 Nc4 28. e4 Nxa5 29. a4 Bc6 30. Bc3
Nc4 31. axb5 Bxb5 32. Bb3 f6 33. Kf2 Ke7 34. Bxc4 Bxc4 35. Ke3 Kd7 36. f4 h5
37. Kd4 Bf1 38. g3 {1/2-1/2 Karpov,A (2688)-Ponomariov,R (2743)/Benidorm 2002/
CBM 093}) 11... b6 12. Ne1 a5 (12... b5 13. a4 b4 14. Bb2 a5 15. Rc1 Ba6 16.
Bxa6 Rxa6 17. Nef3 Rc8 18. Rc2 Rac6 19. Rfc1 R6c7 20. Nc4 Ba7 21. Ne1 Ne4 22.
Nxa5 Rxc2 23. Rxc2 Rxc2 24. Nxc2 Bb6 25. Nxb4 Ndc5 26. Nc4 Nxb3 27. a5 Bc5 28.
Nc6+ {1-0 Savchenko,S (2505)-Korbut,E (2417)/Moscow 2005/EXT 2006}) 13. Bb2 Rd8
14. a4 $146 (14. Nc4 Ba6 15. Rc1 Rac8 16. Nd3 Bxc4 17. Rxc4 Bd6 18. Rfc1 Rxc4
19. Rxc4 Nc5 20. Ne1 Nce4 21. Nf3 Rd7 22. Nd4 Rc7 23. f3 Rxc4 24. Bxc4 Nc5 25.
g3 Ne8 26. Kf2 Nc7 27. e4 f6 28. Ke3 g6 29. f4 Kd7 30. Nf3 Be7 31. g4 b5 32.
Be2 a4 33. b4 a3 34. Bxa3 N5a6 35. Nd4 Nxb4 36. Bxb5+ Nxb5 37. Bxb4 Bxb4 38.
Nxb5 h5 39. gxh5 gxh5 40. h3 f5 41. Kd4 Kc6 42. a4 Bd2 43. Ke5 Kc5 44. exf5
exf5 45. Kxf5 Kb4 46. Nd6 Kxa4 47. Ne4 Bc1 48. Ng3 h4 49. Ne2 Bb2 50. Ng1 Kb5
51. Nf3 Bc1 52. Nxh4 Kc6 53. Ng6 Kd7 54. h4 Ke8 55. Ke6 {1-0 Sasikiran,K (2601)
-Ganguly,S (2456)/Sri Lanka 2001/EXT 2005}) 14... Ba6 15. Bxa6 Rxa6 16. Nd3 Ne5
17. Nxc5 bxc5 18. Bc3 Rd3 19. Rac1 Ned7 20. e4 c4 21. b4 axb4 22. Bxb4+ Kd8 23.
a5 Ne5 24. Nxc4 Nc6 25. Bc3 Nxe4 26. Bxg7 Ke7 27. Rfd1 Rxd1+ 28. Rxd1 f6 29.
Bh6 e5 30. Kf1 Nd4 31. Rb1 Rc6 32. Rb4 Nf5 33. Nb6 Nc5 34. Bd2 Na6 35. Rb3 Ke6
36. g4 Nd4 37. Rh3 Rc2 38. Be3 Ra2 39. Rh6 Nc5 40. Nc4 Ra4 41. Nd2 Rxa5 42.
Rxh7 Ra4 43. h4 Nd3 44. Rh6 Ra1+ 45. Kg2 Ne1+ 46. Kh3 Ke7 47. Ne4 Nef3 48. Ng3
Ne6 49. Rh7+ Kf8 50. Rh6 Ke7 51. Nf5+ Kf7 52. Rh7+ Kf8 53. Rb7 Ra3 54. Rb6 Kf7
55. Nh6+ Ke7 56. Rb7+ Kd8 57. Nf7+ Ke8 58. Nd6+ Kf8 59. Rf7+ Kg8 60. Rxf6 Nf4+
61. Kg3 Nd2 62. g5 Nf1+ 63. Kg4 Nxe3+ 64. fxe3 Rxe3 65. Nf7 Re1 66. Nxe5 Nd5
67. Rg6+ Kh7 68. Rh6+ Kg7 69. Nf3 Re4+ 70. Kg3 Ne3 71. Rf6 Rg4+ 72. Kh3 Re4 73.
Rc6 Nf5 74. h5 Rf4 75. Kg2 Rg4+ 76. Kf2 Kg8 77. Rc8+ Kg7 78. Rc6 Kg8 79. Rb6
Kh7 80. Ra6 Kg8 81. h6 Re4 82. Rf6 Ne3 83. Kg3 Nd5 84. Rf5 Ne7 85. Re5 Rxe5 86.
Nxe5 Kh7 87. Kg4 Nd5 88. Nd3 Ne7 89. Nf4 Ng8 90. Kh5 Kh8 91. Nd5 Kh7 92. Nf6+
1-0

[Event "XXVI Ciudad de Linares"]
[Site "Linares"]
[Date "2009.02.22"]
[Round "4"]
[White "Carlsen, Magnus"]
[Black "Ivanchuk, Vassily"]
[Result "1/2-1/2"]
[WhiteElo "2776"]
[BlackElo "2779"]
[PlyCount "67"]
[EventDate "2009.??.??"]
[EventCountry "ESP"]
[Source "Chess Tigers"]
[SourceDate "2009.01.01"]

1. d4 Nf6 2. c4 g6 3. Nc3 d5 4. Qb3 dxc4 5. Qxc4 Be6 (5... Bg7 6. e4 O-O 7. Be2
c6 (7... Nfd7 8. Be3 (8. Nf3 Nb6 9. Qc5 Bg4 10. Be3 Bxf3 11. gxf3 e5 12. d5
N8d7 13. Qa5 c6 14. O-O-O Qh4 15. Kb1 Rfd8 16. Rc1 Bh6 17. Bxh6 Qxh6 18. dxc6
bxc6 19. Nd1 c5 20. h4 Qf4 21. Ne3 Nf8 22. Qxc5 Ne6 23. Ng2 Nxc5 24. Nxf4 Rac8
25. Nd5 {1/2-1/2 Ivanchuk,V (2719)-Ftacnik,L (2608)/Istanbul 2000/EXT 2001})
8... Nb6 9. Qd3 (9. Qc5 e5 (9... c6 10. O-O-O Be6 11. h4 Qd6 12. Qxd6 exd6 13.
h5 Re8 14. Nh3 N8d7 15. Nf4 Bc4 16. hxg6 hxg6 17. Bf3 a5 18. Nfe2 a4 19. Bh6 d5
20. Ng3 Nf6 21. e5 Nfd7 22. Bxg7 Kxg7 23. Bg4 c5 24. f4 cxd4 25. Rxd4 Nc5 26.
Kc2 Ne6 27. Bxe6 fxe6 28. b3 axb3+ 29. axb3 Ba6 30. Nf1 Rh8 31. Rxh8 Rxh8 32.
Ne3 Nc8 33. Rd2 Rh4 34. g4 Rh3 35. Nexd5 exd5 36. Nxd5 Kf8 37. Nc7 Na7 38. e6
Nc6 39. Rd7 Rf3 40. e7+ Nxe7 41. Ne6+ Kf7 42. Ng5+ Ke8 43. Rxe7+ Kxe7 44. Nxf3
Be2 45. Ne5 Kf6 46. Kd2 Bf1 47. Nc4 g5 48. Ne3 Bb5 49. Nd5+ Kf7 50. f5 Bc6 51.
Ne3 Bf3 52. Kd3 Ke7 53. Kc4 Kd6 54. Kb5 Kc7 55. b4 Bc6+ 56. Kc5 Bf3 57. Kb5
Bc6+ 58. Kc4 Kd6 59. b5 Bf3 60. Kd4 Be2 61. b6 Bf3 62. Nc4+ Ke7 63. Ne5 Bd1 64.
Kc5 Be2 65. Kd5 Bd1 66. Kd4 Kf6 67. Ke4 Ke7 68. Kd5 Be2 69. Kd4 Bd1 70. Nc6+
Kf6 71. Na5 Bxg4 72. Nxb7 Bf3 73. Nd6 Ba8 74. Ke3 Ke5 75. b7 Bxb7 76. Nxb7 {1/
2-1/2 Alekseev,E (2708)-Kamsky,G (2723)/Moscow 2008/CBM 126}) 10. Nf3 N8d7 11.
Qa5 exd4 12. Bxd4 Bxd4 13. Nxd4 Qe7 14. O-O Nc5 15. Qa3 Re8 16. Rfe1 Ne6 17.
Qxe7 Rxe7 18. Nc2 Nc5 19. f3 {1/2-1/2 Ivanchuk,V (2729)-Svidler,P (2736)/Foros
2007/CBM 119}) 9... f5 (9... Nc6 10. Rd1 f5 11. Nf3 f4 12. Bc1 Bg4 13. e5 Qd7
14. Ne4 Rad8 15. Nc5 Qc8 16. Qc3 e6 17. h3 Bh5 18. O-O Nd5 19. Qb3 Na5 20. Qc2
Nc6 21. Ng5 Ndb4 22. Qe4 Bxe2 23. Qxe2 Nxd4 24. Rxd4 Rxd4 25. Ncxe6 c5 26. Nxf8
Bxf8 27. Nf3 Rd5 28. e6 Be7 29. Bxf4 Nd3 30. Bg3 c4 31. Qe4 Qc6 32. Nd4 Qc5 33.
Nc2 Qc6 34. Ne3 Rc5 35. Qg4 b5 36. f4 Qe4 37. Qf3 Qxf3 38. Rxf3 Rc6 39. f5 gxf5
40. Nxf5 Bc5+ 41. Kh2 Rxe6 42. b3 h5 43. bxc4 bxc4 44. Bc7 Re2 45. Bd6 Bb6 {1/
2-1/2 Kramnik,V (2772)-Dominguez Perez,L (2719)/Dresden 2008/CB49_2008}) 10.
Rd1 f4 11. Bc1 e5 12. d5 c6 13. Nf3 cxd5 14. Nxd5 Nxd5 15. Qb3 (15. Qxd5+ Qxd5
16. exd5 Bf5 17. O-O Nd7 18. Rfe1 a6 19. Bd2 Rac8 20. Ng5 Rc2 21. Ne6 Rfc8 22.
Nxg7 Kxg7 23. Bc3 Kf6 24. Bf3 b5 25. g4 fxg3 26. hxg3 b4 27. Bxb4 Rxb2 28. a3
Rcc2 29. g4 Rxf2 30. Rf1 Rxf1+ 31. Rxf1 Bc2 32. Rf2 Kg7 33. Kg2 Ra2 34. d6 e4
35. Bd1 Bxd1 36. Bc3+ Kh6 37. Rxa2 Kg5 38. Bd4 Kxg4 39. Rb2 Kf5 40. Be3 Ke6 41.
Bf4 h5 42. Rd2 Bb3 43. Rf2 Nf6 44. Kg3 Bc4 45. Rd2 Bd3 46. Kh4 Nd5 47. Kg5 Nxf4
48. Kxf4 Kxd6 49. Rg2 Kc5 50. Ke3 Kb5 51. Rxg6 Ka4 52. Rh6 Kxa3 53. Rxh5 Kb4
54. Rh8 Ka3 55. Ra8 Kb4 56. Rxa6 Bxa6 57. Kxe4 {1/2-1/2 Jakovenko,D (2737)
-Mamedyarov,S (2731)/Elista 2008/CB01_2009}) 15... Kh8 16. Bc4 Nc6 17. Bxd5 Qe7
18. h3 Nb4 19. Bc4 b5 20. Bxb5 Nxa2 21. Bd2 Rb8 22. Qa4 Qb7 23. O-O Qxb5 24.
Qxa2 Qxb2 25. Qxa7 Qb7 26. Qc5 Be6 27. Qd6 Bb3 28. Rb1 Qxe4 29. Bc3 Rbd8 30.
Qa3 Bc2 31. Rb5 Qa4 32. Qb2 Bd3 33. Rb7 Qc2 34. Qb4 Rfe8 35. Re1 Be2 36. Nxe5
Bxe5 37. Bxe5+ Rxe5 38. Qxf4 Qf5 39. Qh6 {1-0 Carlsen,M (2776)-Dominguez Perez,
L (2717)/Wijk aan Zee 2009/CB06_2009}) (7... Na6 8. Nf3 c5 9. d5 e6 10. O-O
exd5 11. exd5 Nb4 12. Bg5 Nbxd5 13. Rad1 Nxc3 14. Rxd8 Nxe2+ 15. Qxe2 Rxd8 16.
Qe7 Be6 17. Bxf6 Rd7 18. Qxc5 Bxf6 19. b3 b6 20. Qe3 Rd5 21. h3 Rad8 22. Re1
Kg7 {1/2-1/2 Bareev,E (2715)-Svidler,P (2735)/Moscow 2004/CBM 104}) (7... a6 8.
Be3 b5 9. Qb3 Bb7 10. f3 Nfd7 11. Nh3 Nc6 12. Rd1 Nb6 13. d5 Na5 14. Qc2 Nac4
15. Bxc4 Nxc4 16. Bc5 Re8 17. O-O Qc8 18. b3 Nd6 19. Nf4 c6 20. Kh1 Be5 21.
Nfe2 Qc7 22. dxc6 Bxc6 23. Bd4 Bxd4 24. Rxd4 Rac8 25. Qd2 Red8 26. Rd1 Nb7 27.
Qe3 Rxd4 28. Nxd4 Rd8 29. h4 b4 30. Nxc6 Rxd1+ 31. Nxd1 Qxc6 32. Qd4 Qc2 33.
Kh2 Nd6 34. Ne3 Qf2 35. Nf5 Qxd4 36. Nxd4 Nb5 37. Nc6 a5 38. Nxe7+ Kf8 39. Nc6
Nc3 40. Nxa5 Nxa2 41. Kg3 Ke7 42. Kf4 Kd6 43. Kg5 {1-0 Alekseev,E (2708)
-Pelletier,Y (2569)/Biel 2008/CBM 126}) 8. Nf3 b5 9. Qb3 Qa5 10. Bd2 (10. e5
Be6 11. Qc2 Nd5 (11... Bf5 12. Bd3 Bxd3 13. Qxd3 Nd5 14. O-O Qd8 15. Ne4 Na6
16. Bd2 Rc8 17. Rfc1 Nab4 18. Qe2 Na6 19. h4 Qb6 20. Qd3 Rfd8 21. h5 c5 22.
hxg6 fxg6 23. Nfg5 h6 24. dxc5 Nxc5 25. Rxc5 Rxc5 26. Nxc5 hxg5 27. Ba5 Qxc5
28. Bxd8 Nf4 29. Qe4 Kh7 30. Ba5 Bxe5 31. Re1 Bd6 32. Bc3 b4 33. Be5 Nd3 34.
Qxd3 Bxe5 35. Qe3 {1-0 Jakovenko,D (2737)-Borisek,J (2548)/Dresden 2008/
CB49_2008}) 12. O-O Nxc3 13. bxc3 Nd7 14. Ng5 Bd5 15. a4 Qc7 16. c4 bxc4 17.
Bxc4 Bxc4 18. Qxc4 Nb6 19. Qb3 h6 20. Ne4 Qd7 21. Be3 Qd5 22. Qc2 f5 23. exf6
exf6 24. Nc3 Qf7 25. Rac1 f5 26. f3 Rad8 27. Rfd1 Rfe8 28. Bf2 Nc4 29. Rd3 Rb8
30. Nd1 Na5 31. Rb1 Rxb1 32. Qxb1 Qc4 33. d5 cxd5 34. Qb5 Qxb5 35. axb5 d4 36.
Ra3 Rc8 37. Kf1 Rc1 38. Ke2 Nb7 39. Rxa7 Nc5 40. b6 d3+ 41. Kd2 Rc2+ 42. Ke1
Re2+ 43. Kf1 Rd2 44. Ke1 Re2+ 45. Kf1 Rd2 46. Ke1 {1/2-1/2 Bareev,E (2739)
-Mamedyarov,S (2595)/Plovdiv 2003/CBM 098}) 10... b4 11. Na4 Nxe4 12. Bxb4 Qc7
13. O-O Be6 14. Qc2 Nd6 15. Rfd1 a5 16. Ba3 Bd5 17. Nc3 Na6 18. Rac1 Qb8 19.
Ne5 Nb4 20. Bxb4 axb4 21. Nxd5 cxd5 22. Nd7 Qc8 23. Nxf8 Qxc2 24. Rxc2 Kxf8 25.
b3 Ne4 26. Rd3 e6 27. Kf1 Bf6 28. g4 Ra3 29. f4 Nc3 30. Rdd2 Kg7 31. Kg2 Bh4
32. Kf1 Bd8 33. Kg2 Bh4 34. Kf1 Kg8 35. Rb2 Ra8 36. Rbc2 Ra3 37. Rb2 Kf8 38.
Rbc2 Be7 39. Kg2 Kg7 40. Rb2 h6 41. Rbc2 Bd6 42. Kf3 g5 43. fxg5 hxg5 44. Bd3
f6 45. Rf2 e5 46. dxe5 fxe5 47. Bf5 e4+ 48. Kg2 Bf4 49. h4 Kf6 50. h5 Ke5 51.
h6 d4 52. h7 Ra8 53. a3 d3 54. axb4 dxc2 55. Rxc2 Kd4 56. b5 e3 57. b6 e2 58.
b7 Rh8 {0-1 Ivanchuk,V (2787)-Mamedyarov,S (2752)/Heraklio 2007/CBM 121}) 6.
Qb5+ (6. Qa4+ Nc6 7. Nf3 Bg7 8. e4 Bd7 9. Qa3 a5 10. d5 Nb4 11. Qb3 e6 12. a3
Na6 13. dxe6 Bxe6 14. Qxb7 O-O 15. Bxa6 Rb8 16. Qa7 Ra8 17. Qc5 Rxa6 18. O-O
Qa8 19. Re1 Rc6 20. Qe3 Ng4 21. Qf4 Qa7 22. Qg3 Rxc3 23. bxc3 Bxc3 24. Bd2 Bxa1
25. Rxa1 Qc5 26. h3 Nf6 27. Qh4 Nh5 28. g4 Ng7 29. Qf6 Ne8 30. Qd4 Qxd4 31.
Nxd4 Nd6 32. Bxa5 c5 33. Nxe6 fxe6 34. Be1 Nxe4 35. Kg2 Kf7 36. f3 Nd6 37. a4
e5 38. Bf2 Rc8 39. a5 c4 40. a6 c3 41. a7 c2 42. Rc1 Nb5 43. Kf1 Ke6 44. Ke1 g5
45. Kd2 Na3 46. Bc5 Nc4+ 47. Kd3 Na5 48. Rxc2 Nc6 49. Ra2 Ra8 50. Ke4 {1-0
Guseinov,A (2430)-Bagirov,R (2305)/Baku 1996/EXT 2000}) 6... Bd7 (6... Nc6 7.
Nf3 Rb8 (7... Bg7 8. Qxb7 Na5 9. Qb5+ c6 10. Qa4 O-O 11. e4 Bd7 12. Qd1 c5 13.
dxc5 Qc8 14. Be2 Qxc5 15. O-O Bc6 16. Bd2 Nxe4 17. Nxe4 Bxe4 18. Qa4 Bxf3 19.
Bxf3 Nc4 20. Rac1 Nxb2 21. Qd7 Qd4 22. Qxd4 Bxd4 23. Bxa8 Rxa8 24. Bc3 Rd8 25.
Bxd4 Rxd4 26. Rc7 a5 27. Rxe7 Rd2 28. Rfe1 {1-0 Yakovich,Y (2534)-Kallio,H 
(2431)/Gothenburg 2001/CBM 081}) 8. e4 Bd7 9. Qb3 Bg7 10. h3 O-O 11. Be3 b5 12.
Bd3 Ne8 (12... b4 13. Ne2 a5 14. O-O a4 15. Qd1 Re8 16. Rc1 Rb7 17. Rc5 e6 18.
Qd2 Bf8 19. Rcc1 e5 20. Nxe5 Nxe5 21. dxe5 Rxe5 22. Rfd1 Bb5 23. Bd4 Re6 24.
Bxb5 Rxb5 25. Qc2 Nxe4 26. Nf4 Re8 27. Qxa4 Nd6 28. Bc5 Qg5 29. Nd5 Re2 30. Be3
Qf5 31. Nxc7 Re5 32. Rf1 R5xe3 33. fxe3 Qg5 34. Qc6 Qxe3+ 35. Kh1 Ne4 36. Nd5
Nf2+ 37. Rxf2 Qxf2 38. Nf6+ Kg7 39. Ng4 Qf4 40. Rb1 Bd6 41. Qa6 Rxb2 42. Rf1
Rxa2 43. Qd3 Rd2 44. Qb1 Qd4 45. Nf6 Be7 46. Ne4 Rb2 47. Qe1 Qe5 48. Qc1 f5 49.
Ng5 Re2 50. Nf3 Qg3 51. Rg1 Bd6 52. Qa1+ Kh6 53. Qc1+ Bf4 54. Qc5 Qxf3 {0-1
Yakovich,Y (2520)-Ernst,T (2570)/Helsinki 1992/CBM 032}) 13. e5 Be6 14. Qd1 Nb4
15. Bxb5 Bf5 16. O-O Nc2 17. Rc1 c6 18. Bxc6 Nxe3 19. fxe3 Rxb2 20. e4 Bd7 21.
Na4 Rxa2 22. Qb3 Bxc6 23. Rxc6 Re2 24. Qd3 Qd7 25. Ra6 Ra2 26. Nc5 {1-0
Yakovich,Y (2577)-Ernst,T (2435)/Stockholm 2001/CBM 085}) 7. Qb3 (7. Qxb7 Bc6
8. Qb3 Qxd4 9. Be3 Qe5 10. Nf3 Qa5 11. Nd4 Bg7 12. Nxc6 Nxc6 13. Qb7 O-O 14.
Qxc6 Rab8 15. Qc5 Qxc5 16. Bxc5 Rxb2 17. Rc1 Ng4 18. Ba3 Bxc3+ 19. Rxc3 Rxa2
20. g3 Rb8 21. Bg2 Ne5 22. f4 Rb1+ 23. Bc1 Nd3+ 24. Rxd3 Rxc1+ 25. Kf2 Rcc2 26.
Bf3 a5 27. Rb1 e6 28. Rb7 Rc5 29. Rbb3 Rac2 30. Ra3 Kg7 31. Rdb3 h5 32. Be4
R2c4 33. Bd3 Rc1 34. h4 e5 35. e3 exf4 36. exf4 Rd5 37. Rc3 Rd1 38. Be2 R1d2
39. Rxc7 Rb2 40. Ke3 Rf5 41. Ra7 Rc5 42. Kf2 Rcc2 43. Re3 Ra2 44. Kf3 a4 45.
Bb5 Rf2+ 46. Ke4 Rab2 47. Bc4 Rb4 48. Rxf7+ Kh6 49. Rc7 Rc2 50. Kd3 Rc1 51.
Ree7 {1-0 Polak,T (2488)-Kaufman,L (2427)/Olomouc 1999/CBM 071 ext}) 7... c5 (
7... Nc6 8. Nf3 Bg7 9. e4 O-O 10. h3 b6 11. Be3 Na5 12. Qc2 c5 13. dxc5 bxc5
14. Be2 Qc7 15. e5 Bf5 16. Qa4 Nd7 17. Nd5 Qd8 18. Rd1 Kh8 19. g4 Be6 20. Nf4 {
1-0 Yakovich,Y (2588)-Karlsson,T (2242)/Stockholm 2002/CBM 085 ext}) (7... a5
8. e4 Nc6 9. Bc4 Bg7 10. Nf3 a4 11. Qd1 Bg4 12. d5 Ne5 13. Be2 Nxf3+ 14. gxf3
Bh5 15. Nxa4 O-O 16. Nc3 Qc8 17. e5 Nd7 18. f4 Bxe2 19. Qxe2 Nb6 20. O-O e6 21.
Qe4 exd5 22. Nxd5 Qg4+ 23. Kh1 Ra4 24. Qd3 Qd7 25. Rd1 Nxd5 26. Qxd5 Qg4 27.
Be3 c6 {1/2-1/2 Bluvshtein,M (2548)-Mikhalevski,V (2592)/Montreal 2008/CBM 125}
) 8. dxc5 (8. d5 b5 9. Nxb5 Na6 10. Nc3 Qa5 11. e4 Nb4 12. Bd2 Rb8 13. Qd1 Bg7
14. Bc4 e6 15. a3 Na6 16. e5 Ng4 17. Ne4 Qb6 18. dxe6 Bxe6 19. Qa4+ Kf8 20.
Qxa6 Nxe5 21. Qxb6 Rxb6 22. Bxe6 Rxe6 23. Nxc5 Nd3+ 24. Kf1 Nxc5 25. Bb4 Bd4
26. Nf3 a5 27. Nxd4 axb4 28. Nxe6+ Nxe6 29. axb4 Ke7 30. h4 Rb8 31. Ra4 Rc8 32.
g3 Rc2 33. b3 Rb2 34. Ra3 Nd4 35. Kg2 Nc2 36. Ra7+ Kf6 37. Rc1 Ne3+ 38. Kg1 Ng4
39. Rc3 Ne5 40. b5 Kf5 41. b6 Kg4 42. Kg2 {1-0 Smyslov,V-Ragozin,V/Sverdlovsk
1943/HCL}) 8... Bg7 (8... Na6 9. Qa3 Qc7 10. b4 Bg7 11. Bb2 Qf4 12. e3 Qxb4 13.
Bxa6 Qxa3 14. Bxa3 bxa6 15. Rc1 Bc6 16. Nf3 O-O-O 17. O-O {1/2-1/2 Pedersen,S 
(2446)-Zezulkin,J (2494)/Germany 2005/EXT 2007}) 9. e4 Nc6 10. Nf3 Qa5 11. Bc4
O-O 12. O-O Qxc5 13. Be3 Qh5 14. Be2 Qa5 15. Rfd1 $146 (15. h3 Rac8 16. Rfd1
Rfd8 17. Nd2 Qc7 18. Qa3 a6 19. Na4 Re8 20. Rac1 Bf8 21. Nb6 Rcd8 22. Nd5 Qb8
23. Bb6 Rc8 24. Nxf6+ exf6 25. Qf3 f5 26. exf5 Bxf5 27. g4 Ne5 28. Qf4 Bd3 29.
Bxd3 Nxd3 30. Qxb8 Rxb8 31. Rc7 Nxb2 32. Rb1 Bg7 33. Nb3 Nd3 34. Ba7 Rbc8 35.
Rxb7 Nf4 36. h4 Rc4 37. Rd1 Ne2+ 38. Kf1 Rxg4 39. Be3 Nf4 40. Rdd7 Rxh4 41. Kg1
Bh6 42. Rxf7 Nh3+ 43. Kg2 Bxe3 44. fxe3 Rxe3 45. Rg7+ Kh8 46. Rgd7 Re8 47. Kg3
Rh5 48. Nc5 Ng5 49. Kg4 Ne4 50. Nxe4 Rxe4+ 51. Kf3 Re8 52. Ra7 a5 53. a4 Rg8
54. Kg4 Re8 55. Kf3 Rf5+ 56. Kg3 Rg5+ 57. Kf4 Rh5 58. Kg3 Rf8 59. Kg4 Re8 {1/
2-1/2 Okcular,A-Apro,A (2135)/Szeged 1994/TD}) 15... Rfd8 16. Nd5 Nxd5 17. exd5
Ne5 18. a4 Ng4 19. Bd4 Bxd4 20. Rxd4 Qb6 21. Qc3 Rac8 22. Bc4 e5 23. dxe6 Bxe6
24. a5 Qxd4 25. Nxd4 Rxc4 26. Nxe6 Rxc3 27. Nxd8 Rb3 28. h3 Ne5 29. Re1 Nc6 30.
Nxc6 bxc6 31. Re7 Rxb2 32. Rxa7 Ra2 33. Rc7 Rxa5 34. Rxc6 1/2-1/2

[Event "XXVI Ciudad de Linares"]
[Site "Linares"]
[Date "2009.02.22"]
[Round "4"]
[White "Radjabov, Teimour"]
[Black "Grischuk, Alexander"]
[Result "0-1"]
[WhiteElo "2760"]
[BlackElo "2733"]
[PlyCount "81"]
[EventDate "2009.??.??"]
[EventCountry "ESP"]
[Source "Chess Tigers"]
[SourceDate "2009.01.01"]

1. d4 Nf6 2. c4 e6 3. Nf3 b6 4. g3 Bb7 5. Bg2 Be7 6. d5 exd5 (6... O-O 7. Nc3
Bb4 8. Nh4 exd5 9. cxd5 Re8 10. O-O Bxc3 11. bxc3 d6 12. Re1 Nbd7 13. Nf5 Ne5
14. Bg5 Bc8 15. Nd4 Bb7 16. e4 h6 17. Be3 Ba6 18. f3 Qd7 19. Nf5 Kh8 20. Qd4
Qd8 21. Rad1 Bc8 22. g4 Bxf5 23. gxf5 Ng8 24. Bf4 Qh4 25. Bg3 Qf6 26. f4 Nd7
27. Bh3 Qxd4+ 28. cxd4 Ngf6 29. Bg2 Nh5 30. Rc1 Rac8 31. e5 Nxg3 32. hxg3 Kg8
33. f6 gxf6 34. Bh3 Re7 35. exd6 Rxe1+ 36. Rxe1 cxd6 37. Bxd7 Rc3 38. Kf2 Rd3
39. Bc6 Rxd4 40. Re8+ Kg7 41. a4 Kg6 42. Rd8 f5 43. Rxd6+ Kh5 44. Rf6 {1-0
Blechzin,I (2392)-Ferk,M (2048)/Triesen 2000/EXT 2001}) 7. Nh4 c6 (7... Ne4 8.
cxd5 Bxh4 9. gxh4 Qe7 10. Qd4 f5 11. Bg5 Nxg5 12. d6 Bxg2 13. dxe7 Ne6 14. Qe3
Bxh1 15. f3 Nc6 16. Nc3 f4 17. Qg1 Bxf3 18. exf3 Nxe7 19. O-O-O O-O-O 20. Qf1
Kb8 21. Qc4 Rhf8 22. Nd5 Nxd5 23. Rxd5 c6 24. Re5 Rf6 25. Qd3 d6 26. Rf5 Nc5
27. Qc2 Re6 28. Qd2 Rde8 29. Rf8 Rxf8 {0-1 Blechzin,I (2400)-Grishanovich,S 
(2295)/St Petersburg 1998/EXT 1999}) 8. cxd5 Nxd5 9. Nf5 O-O 10. e4 Nc7 11. Bf4
$146 (11. O-O d5 12. Re1 Bf6 13. e5 Bc8 14. exf6 Bxf5 15. fxg7 Re8 16. Rxe8+
Qxe8 17. Nc3 Nba6 18. h4 Qd7 19. Ne2 Re8 20. Nf4 Nc5 21. b4 Ne4 22. Bb2 Qd6 23.
Nh5 Re6 24. g4 Bg6 25. Bxe4 Bxe4 26. g5 Ne8 27. Qd2 Bf3 28. Ng3 d4 29. Qxd4
Qxd4 30. Bxd4 c5 31. bxc5 bxc5 32. Bxc5 Nxg7 33. Bxa7 h6 34. Be3 hxg5 35. Bxg5
Ra6 36. a4 Ra5 37. Bd2 Rd5 38. Be3 Nf5 39. Nxf5 Rxf5 40. a5 Rh5 41. Kh2 Ba8 42.
Kg3 Rd5 43. a6 Rd6 44. h5 Rd5 45. Rb1 Rd8 46. a7 Kh7 47. Kf4 Rg8 48. Rb8 {1-0
Jobava,B (2644)-Beliavsky,A (2646)/Pamplona 2007/CBM 122}) 11... d5 12. Qg4 Ne6
13. Nc3 Kh8 14. Be5 Bf6 15. Bxf6 Qxf6 16. O-O-O Nd7 17. f4 Ndc5 18. e5 Qg6 19.
Qh3 f6 20. Nh4 Qh6 21. Nf3 Qxh3 22. Bxh3 Nc7 23. b4 N5a6 24. b5 cxb5 25. Rhe1
b4 26. Ne2 Bc8 27. Bg2 Bf5 28. Nfd4 fxe5 29. fxe5 Be4 30. Bxe4 dxe4 31. Nf4 Nc5
32. h4 Rae8 33. e6 a5 34. Kb1 N7xe6 35. Ndxe6 Nxe6 36. Nd5 Nc5 37. Nxb6 h6 38.
Nc4 Rf2 39. Rd5 Na4 40. Rxa5 Nc3+ 41. Ka1 0-1